Cultura y poder: una visión antropológica para el análisis de la cultura política
Guardado en:
| Autor principal: | |
|---|---|
| Formato: | Libro |
| Lenguaje: | español |
| Publicado: |
Barcelona
Anthropos
2005
|
| Edición: | 1a. ed |
| Colección: | Autores, Textos y Temas. Antropología, 40
|
| Materias: | |
| Etiquetas: |
Agregar Etiqueta
Sin Etiquetas, Sea el primero en etiquetar este registro!
|
MARC
| LEADER | 00000nam a2200000 a 4500 | ||
|---|---|---|---|
| 001 | UCJ0478 | ||
| 003 | CL-VaPUC | ||
| 008 | 060804e20050000SP |||||||||||||||||spa|d | ||
| 020 | |a 8476587546 | ||
| 082 | 0 | 4 | |a 306.72 |b VAR |2 21 |
| 100 | 0 | |a Varela, Roberto |e author |9 500687 | |
| 245 | 1 | 0 | |a Cultura y poder: una visión antropológica para el análisis de la cultura política |
| 250 | |a 1a. ed | ||
| 300 | |a 175 p | ||
| 942 | |c BK | ||
| 945 | |d 20060804 00:00:00 |a jtorresc | ||
| 260 | |a Barcelona |b Anthropos |c 2005 | ||
| 650 | 0 | |a Antropología política |9 393207 | |
| 650 | 0 | |a Cultura política |9 257401 | |
| 650 | 0 | |a Etnología |9 258726 | |
| 651 | 0 | |a México |9 255269 | |
| 583 | |a last modification |c 20190801 08:55:29 |k Rodrigo Vera | ||
| 490 | 0 | |a Autores, Textos y Temas. Antropología, 40 | |
| 999 | |c 317312 |d 317310 | ||
| 952 | |0 0 |1 0 |4 0 |6 306_720000000000000_VAR_2005 |7 0 |8 A |9 393561 |a BIBHIS |b BIBHIS |d 2019-11-22 |i 4257189 |o 306.72 VAR 2005 |p 4257189 |r 2025-01-20 |w 2019-11-22 |y BK |k HIS | ||